1445 1090 1291 1420 1648 1265 1592 1962 1931 1974 1484 1665 1995 1801 1723 1800 1546 1246 1834 1477 1815 1172 1392 1457 1315 1680 1515 1956 1341 1125 1208 1231 1815 1591 1144 1129 1811 1365 1435 1525 1253 1549 1550 1277 1260 1956 1328 1222 1664 1791 1883 1768 1222 1896 1955 1408 1626 1976 1461 1067 1657 1190 1210 1128 1226 1683 1840 1802 1583 1720 1117 1745 1085 1920 1974 1268 1010 1615 1872 1094 1663 1207 1227 1564 1706 1347 1413 1567 1812 1045 1474 1415 1773 1705 1774 1743 1577 1939 1959 BCNSPRNW ULIB Ver.6.0+V

เปลี่ยนเป็นภาษาไทย

Change to English
 แสดงรายละเอียดบรรณานุกรม
  กลับหน้าหลัก

Brief Record : Get Marc (ISO 2709) : E-mail record : QR code < ปิดหน้าต่าง
LEADER : 00000nam 2200000uu 4500
001    13399110784
003     ULIB
008    110609s2553||||th 000 0 tha d
020    9789744141361
041 0  tha^heng
050  4 BF441^bค335พ 2553
100 0  คาร์เตอร์, ฟิลิป
245 10 พลังตรรกะพัฒนา IQ =^bLogic brainteasers /^cPhilip Carter &Ken Russell ; ผู้แปล: จิตรลดา สิงห์คำ
246 31 Logic brainteasers
250    พิมพ์ครั้งที่ 1
260    กรุงเทพฯ :^bบิสคิต,^c2553
300    243 หน้า :^bภาพประกอบ ;^c21 ซม.
650  7 การแก้ปัญหา
650  7 เกม
650  7 ความคิดและการคิด
650  7 เชาวน์.
650  7 ระดับสติปัญญา
650  7 สมอง.
700 0  จิตรลดา สิงห์คำ,^eผู้แปล
700 1  รัสเซล, เคน
700 1  Carter, Philip
700 1  Russell, Ken
945    ^p150^l0^i18263
995    กัณชพร
999    ^aใช้งานได้ทุกระบบ
รายการนี้ยังไม่มีแท็ก
คุณยังไม่ได้ล็อกอิน คุณสามารถมีกิจกรรมร่วมกับเว็บไซต์ได้ แต่ต้องล็อกอินก่อน ::
  ล็อกอิน

รายการสื่อสารสนเทศ

ลำดับที่ ประเภท เลขเรียก/บาร์โค้ด สถานที่ สถานะ
- ไม่พบข้อมูล -

รายการใกล้เคียง
    ผู้แต่ง [คาร์เตอร์, ฟิลิป]

    หัวเรื่อง [การแก้ปัญหา]
    หัวเรื่อง [เกม]
    หัวเรื่อง [ความคิดและการคิด]
    หัวเรื่อง [เชาวน์.]
    หัวเรื่อง [ระดับสติปัญญา]
    หัวเรื่อง [สมอง.]

BibComment


ยังไม่เคยถูกคอมเมนท์

คอมเมนท์ทรัพยากรรายการนี้
  คอมเมนท์: พลังตรรกะพัฒนา IQ..


 Copyright 2026. Bcnsprnw @Library